Mixed Word: 5 Letter A-Z XI Quiz Stats

Quiz Updated Sep 28, 2017

Challenge
Share
Tweet
Embed
Score 0/26 Timer 03:00
1 Play Today
Mixed Word Answer % Correct
ROSEHHORSE
97.2%
SEDSRDRESS
96.5%
REDACCEDAR
96.4%
ROLUFFLOUR
96.2%
BUGRYRUGBY
96.1%
LEEWJJEWEL
95.7%
DEBRABREAD
95.5%
ZIPAZPIZZA
95.4%
EMNOGGNOME
94.9%
DAKOVVODKA
94.9%
KICUQQUICK
94.7%
ALALMLLAMA
94.6%
ZALWTWALTZ
94.3%
Mixed Word Answer % Correct
LETMAMETAL
93.9%
XELECEXCEL
93.9%
BRZAEZEBRA
92.7%
RUSENNURSE
91.4%
NOORIORION
91.1%
TAYHCYACHT
90%
XONITTOXIN
89.3%
NOCISSONIC
83.3%
RIVYOIVORY
82.8%
RUSHEUSHER
80.4%
CANORACORN
77.4%
LOXYLXYLOL
51.6%
JAKINKANJI
39.1%

You're not logged in!

Compare scores with friends on all Sporcle quizzes.
Sign Up with Email
OR
Log In

You Might Also Like...

Show Comments

Extras

Top Quizzes Today


Score Distribution

Your Account Isn't Verified!

In order to create a playlist on Sporcle, you need to verify the email address you used during registration. Go to your Sporcle Settings to finish the process.